000 00586nam a2200181Ia 4500
005 20260429112247.0
008 260429s9999||||xx |||||||||||||| ||und||
020 _a9788195966646
041 _aHindi
082 _a891.433
_bSAN
100 _aसांकृत्यायन, राहुल
245 0 _aतुम्हारी क्षय /
_cराहुल सांकृत्यायन
250 _a1st ed.
260 _aनई दिल्ली :
_bप्रकाशन संस्थान,
_c2024.
300 _av, 72 p.; Hb
650 _aNovel
942 _cTB
999 _c53183
_d53183